00529 a2200109 4500001001000000005001700010008004100027245016800068100003900236700004100275773010300316ART_3966320260410162012.0260409a 10aEvaluación de las actitudes del Profesorado de Educación Secundaria Obligatoria hacia la integración escolar de alumnos con necesidades educativas especiales1 aSánchez Fernández, Sebastián1 aFernández Bartolomé, Ana María0 tPropuestas para la sociedad, el gobierno y la produccióng- Año 5, Nº 9 (nov. 2001)wREV39547